[Event "BCF-chT4 2223 (4NCL)"]
[Site "England"]
[Date "2022.11.05"]
[Round "1.34"]
[White "Fraser, Chris A"]
[Black "Richmond, Peter A"]
[Result "0-1"]
[WhiteElo "1551"]
[BlackElo "2013"]
[PlyCount "80"]
[EventDate "2022.11.05"]
[EventType "team-swiss"]
[EventRounds "11"]
[EventCountry "ENG"]
[SourceTitle "EXT 2024"]
[Source "ChessBase"]
[SourceDate "2023.10.10"]
[SourceVersion "1"]
[SourceVersionDate "2023.10.10"]
[SourceQuality "1"]
[WhiteTeam "Ashfield III"]
[BlackTeam "The Full Ponty"]
[WhiteTeamCountry "ENG"]
[BlackTeamCountry "ENG"]

1. e4 c5 2. Nc3 e6 3. Nf3 Nf6 4. d4 d5 5. Bb5+ Nc6 6. exd5 Nxd5 7. 0-0 Nxc3 8. bxc3 Bd7 9. d5 exd5 10. Qxd5 Be7 11. Rd1 a6 12. Be2 Be6 13. Qe4 Qa5 14. Bd2 0-0 15. Bd3 g6 16. h4 Rfe8 17. Qf4 Rac8 18. h5 Qc7 19. hxg6 fxg6 20. Re1 Qxf4 21. Bxf4 Bd5 22. Be4 Bxe4 23. Rxe4 Bf6 24. Rae1 Rxe4 25. Rxe4 Bxc3 26. Rc4 Bd4 27. Nxd4 Nxd4 28. Be3 b5 29. Rxd4 cxd4 30. Bxd4 Rxc2 31. a3 Kf7 32. g3 Ke6 33. Kg2 Kd5 34. Bg7 g5 35. Bf8 a5 36. Kf3 Kc4 37. Ke3 b4 38. axb4 axb4 39. Bh6 g4 40. Bg7 Rc3+ 0-1

[Event "BCF-chT2a 1920 (4NCL)"]
[Site "Daventry"]
[Date "2020.02.29"]
[Round "1.35"]
[White "Grant, David J"]
[Black "Richmond, Peter A"]
[Result "1/2-1/2"]
[WhiteElo "2047"]
[BlackElo "2061"]
[PlyCount "77"]
[EventDate "2020.01.11"]
[EventType "team-tourn"]
[EventRounds "11"]
[EventCountry "ENG"]
[SourceTitle "CBM 195 Extra"]
[Source "ChessBase"]
[SourceDate "2020.05.31"]
[SourceVersion "1"]
[SourceVersionDate "2020.05.31"]
[SourceQuality "1"]
[WhiteTeam "Sussex Martlets"]
[BlackTeam "Check Innmates"]
[WhiteTeamCountry "ENG"]
[BlackTeamCountry "ENG"]

1. e4 c5 2. Nf3 Nf6 3. e5 Nd5 4. d4 cxd4 5. c3 e6 6. Qxd4 Nc6 7. Qe4 f5 8. exf6 Nxf6 9. Qh4 Be7 10. Bd3 d5 11. 0-0 e5 12. Bg6+ Kd7 13. Bf5+ Kc7 14. Bxc8 Qxc8 15. c4 d4 16. Re1 Bb4 17. Bd2 Bxd2 18. Nbxd2 Qf5 19. Ne4 Rae8 20. c5 Re6 21. Nfg5 Re7 22. b4 Qg4 23. Qxg4 Nxg4 24. b5 Nb4 25. Rab1 Nd5 26. b6+ axb6 27. cxb6+ Kb8 28. Rb5 Nf4 29. h3 Nf6 30. g3 Ng6 31. Nd6 Rd7 32. Ndf7 Rc8 33. Nxe5 Nxe5 34. Rbxe5 d3 35. Rd1 Rc6 36. Re3 d2 37. Kf1 Rxb6 38. Ke2 Rb2 39. Rd3 1/2-1/2

[Event "BCF-chT2a 1920 (4NCL)"]
[Site "Daventry"]
[Date "2020.01.12"]
[Round "4.45"]
[White "Shephard, Chris CW"]
[Black "Richmond, Peter A"]
[Result "1/2-1/2"]
[WhiteElo "2199"]
[BlackElo "2061"]
[PlyCount "117"]
[EventDate "2020.01.11"]
[EventType "team-tourn"]
[EventRounds "11"]
[EventCountry "ENG"]
[SourceTitle "CBM 194 Extra"]
[Source "ChessBase"]
[SourceDate "2020.03.31"]
[SourceVersion "1"]
[SourceVersionDate "2020.03.31"]
[SourceQuality "1"]
[WhiteTeam "Warwicks Select"]
[BlackTeam "Check Innmates"]
[WhiteTeamCountry "ENG"]
[BlackTeamCountry "ENG"]

1. e4 e5 2. Nf3 d6 3. d4 exd4 4. Nxd4 g6 5. Nc3 Bg7 6. Be2 Nc6 7. Be3 Nf6 8. 0-0 0-0 9. Qd2 Re8 10. f3 a6 11. Rad1 Ne5 12. Bh6 b5 13. Bxg7 Kxg7 14. f4 Nc4 15. Bxc4 bxc4 16. e5 Ng4 17. Nf3 Bb7 18. h3 Nh6 19. exd6 Nf5 20. d7 Re6 21. Nd4 Rd6 22. Nxf5+ gxf5 23. Qe2 Qxd7 24. Qxc4 Re8 25. Rxd6 Qxd6 26. Rd1 Qg6 27. Qd4+ Kh6 28. Rd2 Re6 29. Qf2 Qf6 30. Kh2 Rb6 31. Nd5 Bxd5 32. Rxd5 Rxb2 33. a4 Rb4 34. a5 Rc4 35. Re5 Kg7 36. Qg3+ Qg6 37. Qf2 Qc6 38. Rxf5 Rxc2 39. Rg5+ Kf8 40. Qd4 Re2 41. Qg7+ Ke7 42. Qxh7 Qf6 43. Rf5 Qe6 44. Qh4+ Kd7 45. Rf6 Qe7 46. Qg4+ Re6 47. Rxe6 fxe6 48. h4 c5 49. h5 c4 50. h6 c3 51. Qg7 c2 52. Qxe7+ Kxe7 53. h7 c1Q 54. h8Q Qxf4+ 55. Kh1 Qc1+ 56. Kh2 Qc2 57. Kh3 Qa4 58. Qg7+ Kd6 59. Qf8+ 1/2-1/2

[Event "BCF-chT3S 1819 (4NCL) Promotion pool"]
[Site "England"]
[Date "2019.05.05"]
[Round "10.16"]
[White "Alcock, Graham P"]
[Black "Richmond, Peter A"]
[Result "0-1"]
[WhiteElo "1750"]
[BlackElo "2075"]
[PlyCount "78"]
[EventDate "2019.04.14"]
[EventType "team-tourn"]
[EventRounds "11"]
[EventCountry "ENG"]
[SourceTitle "EXT 2021"]
[Source "ChessBase"]
[SourceDate "2020.10.23"]
[SourceVersion "1"]
[SourceVersionDate "2020.10.23"]
[SourceQuality "1"]
[WhiteTeam "Surbiton"]
[BlackTeam "Check Innmates"]
[WhiteTeamCountry "ENG"]
[BlackTeamCountry "ENG"]

1. e4 c5 2. d4 cxd4 3. c3 g6 4. cxd4 d5 5. e5 Nc6 6. Nc3 h5 7. Be2 Bf5 8. a3 Rc8 9. Nf3 e6 10. Be3 Bg4 11. Rc1 Nge7 12. Nh4 Bxe2 13. Qxe2 Nf5 14. Nxf5 gxf5 15. b4 f4 16. Bxf4 Nxd4 17. Qd3 Rc4 18. 0-0 Nc6 19. Ne2 Rxc1 20. Rxc1 Bh6 21. Qd2 Bxf4 22. Qxf4 Rg8 23. Nd4 Rg4 24. Nxc6 Rxf4 25. Nxd8 Kxd8 26. g3 Re4 27. f4 Re3 28. Ra1 Re2 29. a4 Rb2 30. b5 Rc2 31. Ra3 Kc7 32. h4 Kb6 33. Ra1 d4 34. Kf1 Kc5 35. Rb1 d3 36. Rd1 Kd4 37. Rb1 Ke3 38. Rb3 Rc1+ 39. Kg2 Ke2 0-1

[Event "BCF-chT3S 1819 (4NCL) Promotion pool"]
[Site "England"]
[Date "2019.04.14"]
[Round "8.12"]
[White "Hewitt, William"]
[Black "Richmond, Peter A"]
[Result "1-0"]
[WhiteElo "2018"]
[BlackElo "2075"]
[PlyCount "49"]
[EventDate "2019.04.14"]
[EventType "team-tourn"]
[EventRounds "11"]
[EventCountry "ENG"]
[SourceTitle "EXT 2021"]
[Source "ChessBase"]
[SourceDate "2020.10.23"]
[SourceVersion "1"]
[SourceVersionDate "2020.10.23"]
[SourceQuality "1"]
[WhiteTeam "Rhyfelwyr Essyllwg"]
[BlackTeam "Check Innmates"]
[WhiteTeamCountry "WLS"]
[BlackTeamCountry "ENG"]

1. e4 c6 2. d4 d5 3. exd5 cxd5 4. c4 Nf6 5. Nc3 Nc6 6. Nf3 g6 7. cxd5 Nxd5 8. Qb3 Nxc3 9. Bc4 e6 10. bxc3 Bd7 11. Bd3 Qc7 12. 0-0 Rc8 13. Bg5 Bg7 14. Qa3 Qa5 15. Qb2 b6 16. Rac1 0-0 17. Rfe1 e5 18. Be3 exd4 19. cxd4 Be6 20. a3 Rfd8 21. Bb5 Bd7 22. Bd2 Nxd4 23. Nxd4 Bxd4 24. Qxd4 Qxb5 25. Bh6 1-0

[Event "BCF-chT3Sa 1819 (4NCL)"]
[Site "England"]
[Date "2019.04.13"]
[Round "7.22"]
[White "Richmond, Peter A"]
[Black "Vachtfeidl, Petr"]
[Result "1/2-1/2"]
[WhiteElo "2075"]
[BlackElo "1841"]
[PlyCount "107"]
[EventDate "2018.11.17"]
[EventType "team-tourn"]
[EventRounds "7"]
[EventCountry "ENG"]
[SourceTitle "EXT 2021"]
[Source "ChessBase"]
[SourceDate "2020.10.23"]
[SourceVersion "1"]
[SourceVersionDate "2020.10.23"]
[SourceQuality "1"]
[WhiteTeam "Check Innmates"]
[BlackTeam "CSC II"]
[WhiteTeamCountry "ENG"]
[BlackTeamCountry "ENG"]

1. Nc3 e5 2. e4 Nf6 3. Nf3 Nc6 4. d4 exd4 5. Nxd4 Bb4 6. Nxc6 bxc6 7. Bd3 0-0 8. 0-0 d5 9. exd5 cxd5 10. Bg5 c6 11. Qf3 h6 12. Bxf6 Qxf6 13. Qxf6 gxf6 14. Ne2 Re8 15. c3 Bf8 16. Rfe1 Bd7 17. Ng3 Re5 18. f4 Rxe1+ 19. Rxe1 Re8 20. Rxe8 Bxe8 21. Kf2 Bd7 22. Kf3 a5 23. Nh5 Be7 24. b4 axb4 25. cxb4 Kf8 26. a3 Ke8 27. Ng7+ Kd8 28. Bf5 Bf8 29. Bxd7 Kxd7 30. Nf5 Kc7 31. Ke3 Kb6 32. Kd4 h5 33. h4 Kb5 34. Kc3 c5 35. bxc5 Bxc5 36. Ng3 Bf2 37. Nxh5 f5 38. Ng7 Bxh4 39. Nxf5 Bf6+ 40. Kd3 Kc5 41. g4 Bd8 42. Nd4 Bf6 43. Nb3+ Kb5 44. g5 Bb2 45. Nd4+ Kc5 46. Nf3 Bxa3 47. Ne5 Kd6 48. Nxf7+ Ke6 49. Ne5 Bc1 50. g6 Kf6 51. f5 Bh6 52. Ng4+ Kxf5 53. Nxh6+ Kxg6 54. Ng4 1/2-1/2

[Event "BCF-chT3Sa 1819 (4NCL)"]
[Site "England"]
[Date "2019.01.13"]
[Round "4.23"]
[White "Phillips, William"]
[Black "Richmond, Peter A"]
[Result "1/2-1/2"]
[WhiteElo "1849"]
[BlackElo "2078"]
[PlyCount "49"]
[EventDate "2018.11.17"]
[EventType "team-tourn"]
[EventRounds "7"]
[EventCountry "ENG"]
[SourceTitle "EXT 2021"]
[Source "ChessBase"]
[SourceDate "2020.10.23"]
[SourceVersion "1"]
[SourceVersionDate "2020.10.23"]
[SourceQuality "1"]
[WhiteTeam "Cambridge University II"]
[BlackTeam "Check Innmates"]
[WhiteTeamCountry "ENG"]
[BlackTeamCountry "ENG"]

1. d4 d5 2. Nf3 c6 3. e3 Bg4 4. Be2 Nd7 5. Nbd2 e6 6. h3 Bxf3 7. Nxf3 Bd6 8. 0-0 f5 9. c4 Ngf6 10. b3 Ne4 11. Bb2 Qf6 12. Nd2 0-0 13. Nxe4 fxe4 14. f4 exf3 15. Rxf3 Qg5 16. Qd3 Rxf3 17. Bxf3 Nf6 18. Kf1 Rf8 19. Ke2 Re8 20. Rf1 e5 21. dxe5 Bxe5 22. Bxe5 Qxe5 23. cxd5 cxd5 24. Rd1 Kf8 25. Qd4 1/2-1/2

[Event "BCF-chT3Sa 1819 (4NCL)"]
[Site "England"]
[Date "2019.01.12"]
[Round "3.42"]
[White "Farkas, Daniel"]
[Black "Richmond, Peter A"]
[Result "0-1"]
[WhiteElo "2105"]
[BlackElo "2078"]
[PlyCount "62"]
[EventDate "2018.11.17"]
[EventType "team-tourn"]
[EventRounds "7"]
[EventCountry "ENG"]
[SourceTitle "EXT 2021"]
[Source "ChessBase"]
[SourceDate "2020.10.23"]
[SourceVersion "1"]
[SourceVersionDate "2020.10.23"]
[SourceQuality "1"]
[WhiteTeam "Fermented Sharks"]
[BlackTeam "Check Innmates"]
[WhiteTeamCountry "ENG"]
[BlackTeamCountry "ENG"]

1. e4 c6 2. d4 d5 3. exd5 cxd5 4. Bd3 Nc6 5. c3 Qc7 6. h3 g6 7. Nf3 Bg7 8. 0-0 Bf5 9. Bxf5 gxf5 10. Qd3 e6 11. Re1 0-0-0 12. Bg5 Bf6 13. Nbd2 Bxg5 14. Nxg5 Nf6 15. b4 Ne4 16. Ngf3 Rhg8 17. Re2 Rg7 18. Ne1 Rdg8 19. b5 Ne7 20. Rc1 Ng6 21. Nxe4 fxe4 22. Qe3 Nf4 23. g3 Nxe2+ 24. Qxe2 e3 25. Qxe3 Rxg3+ 26. fxg3 Rxg3+ 27. Qxg3 Qxg3+ 28. Ng2 Qxh3 29. c4 dxc4 30. Rxc4+ Kd7 31. Ra4 Qd3 0-1

[Event "BCF-chT3S 1718 (4NCL) Promotion pool"]
[Site "England"]
[Date "2018.05.05"]
[Round "9.46"]
[White "O'Shea, Colm"]
[Black "Richmond, Peter A"]
[Result "0-1"]
[WhiteElo "1688"]
[BlackElo "2085"]
[PlyCount "102"]
[EventDate "2017.11.11"]
[EventType "team-tourn"]
[EventRounds "11"]
[EventCountry "ENG"]
[SourceTitle "EXT 2020"]
[Source "ChessBase"]
[SourceDate "2019.10.17"]
[SourceVersion "1"]
[SourceVersionDate "2019.10.17"]
[SourceQuality "1"]
[WhiteTeam "Cambridge University II"]
[BlackTeam "Brown Jack"]
[WhiteTeamCountry "ENG"]
[BlackTeamCountry "ENG"]

1. e4 c5 2. Nc3 a6 3. g3 b5 4. Bg2 Bb7 5. d3 Nc6 6. f4 e6 7. Nf3 b4 8. Ne2 d5 9. 0-0 dxe4 10. dxe4 Nf6 11. e5 Nd5 12. c4 bxc3 13. Nxc3 Be7 14. Qb3 Qb6 15. Qxb6 Nxb6 16. Rd1 Nb4 17. Nd2 Bxg2 18. Kxg2 Nc2 19. Rb1 Ne3+ 20. Kf3 Nxd1 21. Nxd1 0-0-0 22. Nf2 f6 23. exf6 gxf6 24. Nde4 f5 25. Nc3 Kb7 26. b3 Bf6 27. Ncd1 Rd7 28. Be3 Bd4 29. Nb2 Rhd8 30. Nc4 Nxc4 31. bxc4+ Kc6 32. Rb3 Rb7 33. Rxb7 Kxb7 34. Nd3 Kc6 35. Bc1 Kd6 36. h3 e5 37. fxe5+ Bxe5 38. g4 fxg4+ 39. hxg4 Bd4 40. Bf4+ Kc6 41. Ke4 Re8+ 42. Kf3 Re7 43. Bc1 Rb7 44. g5 Rb1 45. Bf4 a5 46. Ke4 a4 47. Kf5 Rd1 48. Ke4 Rg1 49. Kf3 Ra1 50. Nc1 Bb2 51. Nd3 Rxa2 0-1

[Event "BCF-chT3Sb 1718 (4NCL)"]
[Site "England"]
[Date "2017.11.11"]
[Round "1.55"]
[White "Scrimgour, Alan"]
[Black "Richmond, Peter A"]
[Result "1/2-1/2"]
[WhiteElo "2070"]
[BlackElo "2085"]
[PlyCount "81"]
[EventDate "2017.11.11"]
[EventType "team-tourn"]
[EventRounds "11"]
[EventCountry "ENG"]
[SourceTitle "EXT 2020"]
[Source "ChessBase"]
[SourceDate "2019.10.17"]
[SourceVersion "1"]
[SourceVersionDate "2019.10.17"]
[SourceQuality "1"]
[WhiteTeam "CSC Dragons"]
[BlackTeam "Brown Jack"]
[WhiteTeamCountry "ENG"]
[BlackTeamCountry "ENG"]

1. e4 c6 2. d4 d5 3. exd5 cxd5 4. c4 Nf6 5. Nc3 Nc6 6. Nf3 g6 7. cxd5 Nxd5 8. h3 Bg7 9. Be2 0-0 10. 0-0 b6 11. Bg5 Bb7 12. Qd2 Rc8 13. Rfe1 Re8 14. Rad1 Qd6 15. Nxd5 Qxd5 16. b3 Nxd4 17. Be3 Nxf3+ 18. Bxf3 Qxd2 19. Bxd2 Bxf3 20. gxf3 Rc2 21. Bb4 e6 22. a4 a5 23. Bd6 Rec8 24. Be7 h6 25. Rd6 R2c7 26. Bd8 Rc6 27. Rd7 Bc3 28. Red1 e5 29. f4 f6 30. R1d6 Rxd6 31. Rxd6 Bb4 32. Rd7 Rc6 33. fxe5 fxe5 34. Rb7 Bc5 35. Kg2 Bd4 36. Kf3 Rc3+ 37. Ke4 Rxb3 38. Kd5 Rf3 39. Bxb6 Rxf2 40. Bxa5 g5 41. Bb6 1/2-1/2

[Event "BCF-chT3S 1617 (4NCL) Demotion pool"]
[Site "England"]
[Date "2017.04.29"]
[Round "9.54"]
[White "Tasker, Michael"]
[Black "Richmond, Peter A"]
[Result "0-1"]
[WhiteElo "2066"]
[BlackElo "2082"]
[PlyCount "41"]
[EventDate "2016.11.26"]
[EventType "team-tourn"]
[EventRounds "11"]
[EventCountry "ENG"]
[SourceTitle "EXT 2019"]
[Source "ChessBase"]
[SourceDate "2018.10.10"]
[SourceVersion "1"]
[SourceVersionDate "2018.10.10"]
[SourceQuality "1"]
[WhiteTeam "Hackney"]
[BlackTeam "Brown Jack"]
[WhiteTeamCountry "ENG"]
[BlackTeamCountry "ENG"]

1. d4 d5 2. Nf3 c6 3. c4 e6 4. Qc2 Nf6 5. Bg5 Nbd7 6. e3 Qa5+ 7. Nbd2 Ne4 8. Bh4 g5 9. Bxg5 Nxd2 10. Nxd2 dxc4 11. Bh4 b5 12. Be2 Bb4 13. a3 Bb7 14. Rd1 Bxd2+ 15. Rxd2 e5 16. 0-0 exd4 17. Rxd4 Rg8 18. f3 Rg6 19. Rfd1 Ne5 20. e4 Kf8 21. Bg3 0-1

[Event "BCF-chT4S 1617 (4NCL)"]
[Site "England"]
[Date "2017.03.18"]
[Round "7.31"]
[White "Richmond, Peter A"]
[Black "Manole, Stefan"]
[Result "1/2-1/2"]
[WhiteElo "2087"]
[BlackElo "2078"]
[PlyCount "88"]
[EventDate "2016.11.26"]
[EventType "team-swiss"]
[EventRounds "11"]
[EventCountry "ENG"]
[SourceTitle "EXT 2019"]
[Source "ChessBase"]
[SourceDate "2018.10.10"]
[SourceVersion "1"]
[SourceVersionDate "2018.10.10"]
[SourceQuality "1"]
[WhiteTeam "Brown Jack II"]
[BlackTeam "West is Best II"]
[WhiteTeamCountry "ENG"]
[BlackTeamCountry "WLS"]

1. e4 c6 2. Ne2 d5 3. e5 e6 4. a3 Nd7 5. f4 Ne7 6. Ng3 c5 7. b4 b6 8. c3 Bb7 9. d4 a5 10. b5 a4 11. Bd3 Ra5 12. Nd2 g6 13. Rb1 Nf5 14. Nxf5 exf5 15. Bc2 Be7 16. 0-0 Nf8 17. Nf3 Ne6 18. Bxa4 0-0 19. Bc2 cxd4 20. cxd4 Bxa3 21. Bd2 Ra8 22. Bd3 Qe7 23. Qb3 Rfc8 24. g3 Bc5 25. Be3 Ra3 26. Qd1 Bb4 27. Rb3 Rc3 28. Rxa3 Rxa3 29. Qc2 Qc7 30. Bc1 Qxc2 31. Bxc2 Rxf3 32. Rxf3 Nxd4 33. Rf2 Nxb5 34. Bd3 Nc3 35. Kf1 d4 36. Bb2 Be4 37. Bc4 b5 38. Bxc3 dxc3 39. Bb3 Bd3+ 40. Kg2 Ba3 41. Ra2 Bb2 42. Ra8+ Kg7 43. Rc8 Bc4 44. Bxc4 c2 1/2-1/2

[Event "BCF-chT4S 1617 (4NCL)"]
[Site "England"]
[Date "2017.02.11"]
[Round "5.51"]
[White "Davis, Holden"]
[Black "Richmond, Peter A"]
[Result "1/2-1/2"]
[WhiteElo "1786"]
[BlackElo "2097"]
[PlyCount "61"]
[EventDate "2016.11.26"]
[EventType "team-swiss"]
[EventRounds "11"]
[EventCountry "ENG"]
[SourceTitle "EXT 2019"]
[Source "ChessBase"]
[SourceDate "2018.10.10"]
[SourceVersion "1"]
[SourceVersionDate "2018.10.10"]
[SourceQuality "1"]
[WhiteTeam "Cambridge University III"]
[BlackTeam "Brown Jack II"]
[WhiteTeamCountry "ENG"]
[BlackTeamCountry "ENG"]

1. e4 c5 2. d4 cxd4 3. c3 Nf6 4. e5 Nd5 5. Qxd4 e6 6. Nf3 Nc6 7. Qe4 d6 8. Nbd2 dxe5 9. Nxe5 Nxe5 10. Qxe5 Bd7 11. Bc4 Bc6 12. 0-0 Qc7 13. Qxc7 Nxc7 14. a4 Be7 15. Nb3 0-0 16. Na5 Bd5 17. Bxd5 Nxd5 18. Nxb7 a5 19. c4 Nb4 20. Bf4 Nd3 21. Bd6 Bxd6 22. Nxd6 Rfd8 23. Nb5 Nxb2 24. c5 Rac8 25. Nd6 Rc7 26. Ra3 Rb8 27. Rc1 Rb4 28. c6 Nxa4 29. g3 Kf8 30. Rxa4 Rxa4 31. Nb5 1/2-1/2

[Event "BCF-chT2d 1516 (4NCL) Demotion pool"]
[Site "England"]
[Date "2016.04.30"]
[Round "9.9"]
[White "Richmond, Peter A"]
[Black "Holes, Michal"]
[Result "1/2-1/2"]
[WhiteElo "2107"]
[BlackElo "2162"]
[PlyCount "107"]
[EventDate "2015.11.14"]
[EventType "team-tourn"]
[EventRounds "4"]
[EventCountry "ENG"]
[SourceTitle "EXT 2017"]
[Source "ChessBase"]
[SourceDate "2016.10.25"]
[SourceVersion "1"]
[SourceVersionDate "2016.10.25"]
[SourceQuality "1"]
[WhiteTeam "Brown Jack Witney"]
[BlackTeam "Hackney"]
[WhiteTeamCountry "ENG"]
[BlackTeamCountry "ENG"]

1. e4 c5 2. Nf3 d6 3. d4 cxd4 4. Nxd4 Nf6 5. Nc3 e6 6. g4 e5 7. Bb5+ Bd7 8. Bxd7+ Qxd7 9. Nf5 h5 10. Bg5 Nh7 11. Bh4 g5 12. Nd5 gxh4 13. g5 Na6 14. Qxh5 Nc7 15. g6 Nxd5 16. Qxh7 Rxh7 17. gxh7 Bg7 18. Rg1 0-0-0 19. Rxg7 Nf6 20. 0-0-0 d5 21. f3 Rh8 22. Rxf7 Qe6 23. Re7 Qa6 24. exd5 Qxa2 25. Rd3 Rxh7 26. Ra3 Qxa3 27. bxa3 Rxe7 28. Nxe7+ Kd7 29. Ng6 Nxd5 30. Nxe5+ Ke6 31. Nd3 Ne3 32. a4 Nf1 33. Kd1 Nxh2 34. Ke2 h3 35. Nf2 Ke5 36. Nxh3 Kd4 37. Ng5 Kc3 38. Kd1 Kb4 39. f4 Ng4 40. Ne4 b6 41. Nd6 Kxa4 42. Nc8 b5 43. Nxa7 b4 44. Kd2 b3 45. cxb3+ Kxb3 46. Kd3 Kb4 47. Kd4 Ka5 48. Kc5 Ka6 49. Nc6 Ne3 50. Nb4+ Kb7 51. Kd6 Kc8 52. Nd5 Nf5+ 53. Ke6 Nd4+ 54. Ke5 1/2-1/2

[Event "BCF-chT2a 1516 (4NCL)"]
[Site "England"]
[Date "2016.03.19"]
[Round "7.235"]
[White "Richmond, Peter A"]
[Black "Klingher, Dominic"]
[Result "1/2-1/2"]
[WhiteElo "2108"]
[BlackElo "2020"]
[PlyCount "118"]
[EventDate "2015.11.14"]
[EventType "team-tourn"]
[EventRounds "7"]
[EventCountry "ENG"]
[SourceTitle "EXT 2017"]
[Source "ChessBase"]
[SourceDate "2016.10.25"]
[SourceVersion "1"]
[SourceVersionDate "2016.10.25"]
[SourceQuality "1"]
[WhiteTeam "Brown Jack Witney"]
[BlackTeam "Barbican Youth"]
[WhiteTeamCountry "ENG"]
[BlackTeamCountry "ENG"]

1. e4 e6 2. d4 d5 3. Nc3 dxe4 4. Nxe4 Nf6 5. Nxf6+ gxf6 6. Nf3 b6 7. c4 Bb7 8. Be2 Bd6 9. Bd2 Qe7 10. Bc3 Nd7 11. Qa4 0-0 12. 0-0-0 c5 13. d5 Ne5 14. Rhe1 Rfd8 15. Nxe5 Bxe5 16. Bxe5 fxe5 17. Bf3 Qf6 18. Re3 Kh8 19. Qc2 exd5 20. cxd5 Rd6 21. Qc3 Re8 22. Rd2 Qg5 23. h4 Qg7 24. g4 f6 25. Qc2 Red8 26. Qf5 Qg6 27. Qxg6 hxg6 28. g5 Kg7 29. Bg2 c4 30. f4 Re8 31. gxf6+ Kxf6 32. fxe5+ Rxe5 33. Rf2+ Rf5 34. Rxf5+ gxf5 35. h5 Bxd5 36. Rg3 Bf7 37. h6 Rd8 38. Bf1 Rh8 39. Rc3 b5 40. a4 b4 41. Rh3 Kg6 42. Rg3+ Kxh6 43. Kd2 Rd8+ 44. Ke3 Rd1 45. Be2 Rb1 46. Kd4 Be6 47. Rg2 a5 48. Ke5 c3 49. bxc3 bxc3 50. Bd3 Bb3 51. Kd4 Rc1 52. Bxf5 Bxa4 53. Ra2 c2 54. Kc3 Rf1 55. Bxc2 Bxc2 56. Kxc2 Rf5 57. Kb3 Kg6 58. Ka4 Kf6 59. Re2 Rd5 1/2-1/2

[Event "BCF-chT2a 1516 (4NCL)"]
[Site "England"]
[Date "2016.01.23"]
[Round "3.245"]
[White "Punnett, Alan Kenneth"]
[Black "Richmond, Peter A"]
[Result "1-0"]
[WhiteElo "2117"]
[BlackElo "2120"]
[PlyCount "55"]
[EventDate "2015.11.14"]
[EventType "team-tourn"]
[EventRounds "7"]
[EventCountry "ENG"]
[SourceTitle "CBM 170 Extra"]
[Source "ChessBase"]
[SourceDate "2016.02.25"]
[SourceVersion "1"]
[SourceVersionDate "2016.02.25"]
[SourceQuality "1"]
[WhiteTeam "Guildford III"]
[BlackTeam "Brown Jack Witney"]
[WhiteTeamCountry "ENG"]
[BlackTeamCountry "ENG"]

1. e4 c5 2. Nc3 e6 3. Nf3 Nc6 4. d4 cxd4 5. Nxd4 Nf6 6. Be2 a6 7. 0-0 Qc7 8. Be3 d6 9. f4 Be7 10. Qe1 Bd7 11. Rd1 b5 12. a3 0-0 13. Qg3 Rac8 14. h4 Rfd8 15. h5 e5 16. Nf5 Bxf5 17. exf5 Nd4 18. Bd3 Nxh5 19. Qh3 Nf6 20. g4 d5 21. fxe5 Ne4 22. Bxd4 Bc5 23. Qe3 Nxc3 24. bxc3 Bxa3 25. f6 g6 26. e6 Re8 27. e7 Qd6 28. Rf3 1-0

[Event "BCF-ch Week2 AM op"]
[Site "Aberystwyth"]
[Date "2014.08.01"]
[Round "5"]
[White "Richmond, Peter A"]
[Black "Walker, Samuel"]
[Result "1/2-1/2"]
[WhiteElo "2164"]
[BlackElo "2006"]
[PlyCount "222"]
[EventDate "2014.07.28"]
[EventType "swiss"]
[EventRounds "5"]
[EventCountry "WLS"]
[SourceTitle "EXT 2017"]
[Source "ChessBase"]
[SourceDate "2016.10.25"]
[SourceVersion "1"]
[SourceVersionDate "2016.10.25"]
[SourceQuality "1"]

1. d4 Nf6 2. c4 g6 3. Nc3 d5 4. cxd5 Nxd5 5. e4 Nxc3 6. bxc3 Bg7 7. Bc4 c5 8. Ne2 0-0 9. 0-0 Nc6 10. Be3 Qc7 11. Rc1 Rd8 12. Rc2 Na5 13. Qd3 b5 14. Bd5 Rxd5 15. exd5 Bf5 16. Qd1 Bxc2 17. Qxc2 Nc4 18. Bf4 Qd7 19. Qe4 Rc8 20. h3 Nd6 21. Qd3 c4 22. Qf3 a5 23. Be5 b4 24. Ng3 Nb5 25. cxb4 axb4 26. Re1 Nxd4 27. Qe4 Nb5 28. Bxg7 Kxg7 29. Qe5+ Kg8 30. Qxe7 Qxe7 31. Rxe7 b3 32. axb3 cxb3 33. Rb7 b2 34. Rxb5 Rc1+ 35. Kh2 b1Q 36. Rxb1 Rxb1 37. Ne4 f5 38. Ng5 Rd1 39. f4 Rxd5 40. Nf3 Ra5 41. h4 Kg7 42. g3 Kf6 43. Kh3 Ra2 44. Ne5 Rb2 45. Nd7+ Ke7 46. Ne5 Ke6 47. Nf3 h6 48. Ne5 g5 49. hxg5 hxg5 50. Nd3 Rd2 51. Nc5+ Kf6 52. fxg5+ Kxg5 53. Ne6+ Kf6 54. Nf4 Ra2 55. Nd5+ Kg5 56. Nf4 Ra6 57. Nd5 Rh6+ 58. Kg2 Rd6 59. Ne3 Rd3 60. Kf3 Ra3 61. Kf2 Rd3 62. Kf3 Rd2 63. Nc4 Rc2 64. Ne3 Ra2 65. Nd5 Ra4 66. Ne3 Kf6 67. Nd5+ Ke5 68. Nf4 Ra3+ 69. Kg2 Ke4 70. Nh5 Ra2+ 71. Kh3 Ra4 72. Kg2 Ra8 73. Nf4 Ra7 74. Nh5 Rf7 75. Nf4 Rc7 76. Nh5 Rc1 77. Nf6+ Ke5 78. Nh5 Rd1 79. Kf3 Rd3+ 80. Kg2 Rc3 81. Nf4 Ke4 82. Nh5 Rc2+ 83. Kh3 Rc7 84. Kg2 Ra7 85. Nf6+ Ke3 86. Nd5+ Kd4 87. Nf4 Ke4 88. Nh5 Ra6 89. Nf4 Rh6 90. Ne2 Rg6 91. Nf4 Rg4 92. Ne2 Ke3 93. Nf4 Ke4 94. Ne2 Rg8 95. Nf4 Ra8 96. Nh5 Ke5 97. Kf3 Ra2 98. Nf4 Kf6 99. Nd5+ Kg5 100. Ne3 Rb2 101. Nd5 Ra2 102. Ne3 Ra4 103. Nd5 Rd4 104. Nf4 Rd1 105. Nh3+ Kf6 106. Nf4 Rf1+ 107. Kg2 Ra1 108. Kf3 Ra3+ 109. Kg2 Ke5 110. Nh5 Ra2+ 111. Kf3 Rh2 1/2-1/2

[Event "BCF-chT2d 1314 (4NCL)"]
[Site "England"]
[Date "2014.05.04"]
[Round "10.54"]
[White "Pleasants, Allan J"]
[Black "Richmond, Peter A"]
[Result "1/2-1/2"]
[WhiteElo "2045"]
[BlackElo "2185"]
[PlyCount "32"]
[EventDate "2013.11.16"]
[EventType "team-tourn"]
[EventRounds "11"]
[EventCountry "ENG"]
[SourceTitle "EXT 2015"]
[Source "ChessBase"]
[SourceDate "2014.11.20"]
[SourceVersion "1"]
[SourceVersionDate "2014.11.20"]
[SourceQuality "1"]
[WhiteTeam "Wessex"]
[BlackTeam "Brown Jack"]
[WhiteTeamCountry "ENG"]
[BlackTeamCountry "ENG"]

1. e4 c5 2. Nf3 Nc6 3. Bb5 e6 4. Bxc6 bxc6 5. d3 d6 6. 0-0 e5 7. Nfd2 Be7 8. Nc4 Be6 9. Nc3 Bf6 10. f4 exf4 11. Bxf4 Bxc4 12. dxc4 Bd4+ 13. Kh1 Ne7 14. Qf3 0-0 15. Rad1 Ng6 16. Ne2 Be5 1/2-1/2